[Event "Innsbruck op-B 2nd"]
[Site "Innsbruck"]
[Date "2018.08.30"]
[Round "7"]
[White "Mende, Sebastian"]
[Black "Janda, Bernhard"]
[Result "1/2-1/2"]
[WhiteElo "1403"]
[BlackElo "1718"]
[PlyCount "48"]
[EventDate "2018.08.24"]
[EventType "swiss"]
[EventRounds "9"]
[EventCountry "AUT"]
[SourceTitle "CBM 186 Extra"]
[Source "ChessBase"]
[SourceDate "2018.08.24"]
[SourceVersion "1"]
[SourceVersionDate "2018.08.24"]
[SourceQuality "1"]

1. d4 Nf6 2. c4 e6 3. Nc3 d5 4. e3 b6 5. c5 Be7 6. b4 0-0 7. Nf3 h6 8. Bd3 Nh7 9. Bc2 f5 10. Ne5 Nd7 11. Nc6 Qe8 12. Nxe7+ Qxe7 13. 0-0 a5 14. c6 Ndf6 15. b5 Ne8 16. a4 Nd6 17. Ba3 Nf6 18. Bb3 Kh8 19. Ne2 Re8 20. Nf4 Kh7 21. Qf3 Qf7 22. Bxd6 cxd6 23. Rfe1 Ra7 24. Qg3 Ne4 1/2-1/2

[Event "Innsbruck op-B 1st"]
[Site "Innsbruck"]
[Date "2017.08.31"]
[Round "7"]
[White "Mende, Sebastian"]
[Black "Beyer, Edith"]
[Result "0-1"]
[WhiteElo "1434"]
[BlackElo "1406"]
[PlyCount "70"]
[EventDate "2017.08.25"]
[EventType "swiss"]
[EventRounds "9"]
[EventCountry "AUT"]
[SourceTitle "CBM 180 Extra"]
[Source "ChessBase"]
[SourceDate "2017.10.06"]
[SourceVersion "1"]
[SourceVersionDate "2017.10.06"]
[SourceQuality "1"]

1. e4 e5 2. Bc4 Nf6 3. d3 Be7 4. Nc3 0-0 5. Nge2 c6 6. Be3 d5 7. exd5 cxd5 8. Bb3 d4 9. Bd2 dxc3 10. Nxc3 Nc6 11. a3 Be6 12. Bxe6 fxe6 13. 0-0 Nd5 14. Ne4 Nf6 15. Ng5 Qc8 16. Qe2 Nd5 17. Nf3 Bd6 18. c3 Re8 19. b4 Nf4 20. Qe4 Ng6 21. a4 Nce7 22. Qg4 Nf5 23. g3 Nh6 24. Bxh6 gxh6 25. Rac1 Kh8 26. Qh5 Rg8 27. Qxh6 Bf8 28. Qh5 Bd6 29. Rfe1 Nf4 30. Qh6 Rg6 31. Qh4 Nxd3 32. Re4 Nxc1 33. Ng5 Qd7 34. Qh5 Rag8 35. Qh4 Rxg5 0-1

[Event "Innsbruck op-B 1st"]
[Site "Innsbruck"]
[Date "2017.08.30"]
[Round "6"]
[White "Hollnbuchner, August"]
[Black "Mende, Sebastian"]
[Result "1-0"]
[WhiteElo "1557"]
[BlackElo "1434"]
[PlyCount "101"]
[EventDate "2017.08.25"]
[EventType "swiss"]
[EventRounds "9"]
[EventCountry "AUT"]
[SourceTitle "CBM 180 Extra"]
[Source "ChessBase"]
[SourceDate "2017.10.06"]
[SourceVersion "1"]
[SourceVersionDate "2017.10.06"]
[SourceQuality "1"]

1. c4 e5 2. d3 Bc5 3. Nf3 d6 4. h3 Ne7 5. e3 a5 6. a3 Ba7 7. Bd2 c6 8. b4 axb4 9. axb4 b5 10. c5 dxc5 11. bxc5 Ng6 12. Bc3 Nd7 13. d4 Qe7 14. Nbd2 0-0 15. Be2 e4 16. Nh2 Nf6 17. 0-0 Nd5 18. Qc2 Nxc3 19. Qxc3 Bb7 20. f3 f5 21. Rf2 Qc7 22. Ndf1 Qe7 23. Bd1 Bb8 24. Bb3+ Kh8 25. Rxa8 Bxa8 26. Qc2 Bc7 27. Qa2 exf3 28. Nxf3 Bb7 29. Qd2 Rd8 30. Bc2 Bc8 31. Qc3 Qf6 32. Qb2 Be6 33. Qb1 Ra8 34. N3h2 Bxh2+ 35. Nxh2 Qg5 36. Qe1 Ra2 37. Nf3 Qe7 38. Qc3 Qa7 39. e4 Ra1+ 40. Kh2 Ra2 41. Ng5 Qb8+ 42. e5 b4 43. Qe1 b3 44. Bxf5 Bxf5 45. Rxf5 Nh4 46. Qxh4 h6 47. Ne6 Qb5 48. Rf8+ Kh7 49. Qe4+ g6 50. Rf7+ Kg8 51. Qxg6+ 1-0

[Event "Innsbruck op-B 1st"]
[Site "Innsbruck"]
[Date "2017.08.25"]
[Round "1"]
[White "Wischounig, Laurin"]
[Black "Mende, Sebastian"]
[Result "1-0"]
[WhiteElo "1829"]
[BlackElo "1434"]
[PlyCount "73"]
[EventDate "2017.08.25"]
[EventType "swiss"]
[EventRounds "9"]
[EventCountry "AUT"]
[SourceTitle "CBM 180 Extra"]
[Source "ChessBase"]
[SourceDate "2017.10.06"]
[SourceVersion "1"]
[SourceVersionDate "2017.10.06"]
[SourceQuality "1"]

1. d4 d5 2. c4 c6 3. cxd5 cxd5 4. Nc3 Nf6 5. Nf3 e6 6. Bf4 Bd6 7. Bxd6 Qxd6 8. e3 0-0 9. Bd3 Nc6 10. 0-0 e5 11. dxe5 Nxe5 12. Nxe5 Qxe5 13. h3 b6 14. Rb1 Bb7 15. Ne2 Rad8 16. Nd4 Ne4 17. Qe2 Rd6 18. Rfd1 f5 19. f4 Qe7 20. Nf3 Nc5 21. Ne5 Nd7 22. Nf3 Nc5 23. Nd4 Ne4 24. Rbc1 Rg6 25. Rc2 Rg3 26. Rdc1 Qh4 27. Rc7 Ba8 28. Nxf5 Rxf5 29. Bxe4 Rh5 30. Rc8+ Kf7 31. Rxa8 Qxh3 32. Rc7+ Kf6 33. Rc6+ Ke7 34. Rxa7+ Kd8 35. Rd6+ Ke8 36. Qb5+ Kf8 37. Rd8# 1-0